| 000 | 00557ntaaa2200205 4500 | ||
|---|---|---|---|
| 003 | 01 | ||
| 005 | 20251027202952.0 | ||
| 008 | 0714s1973 ag 01 | ||
| 040 |
_aAR-BaBN _bspa _cAR-BaBN _eaacr _dRIC |
||
| 082 | _a973.0900 L57 | ||
| 245 | _aThe american political progress | ||
| 250 | _a1 ed. | ||
| 260 |
_aNew York : _bGeorge Braziller, _cc1963 |
||
| 300 | _ax, 246 p | ||
| 500 | _aEstudio del sistema político en los Estados Unidos | ||
| 650 |
_apolítica _95106 |
||
| 700 |
_aLevy, Leonard W _930582 |
||
| 700 |
_aRoche, John P _930583 |
||
| 942 | _cBK | ||
| 999 |
_c25065 _d25065 |
||